000 00613nam a2200217 i 4500
001 C2-0221355
003 PPAK
005 20180728150925.0
008 991024s1991 my a|||| ||||| | may d
040 _aPPAK
_beng
_cPPAK
_erda
082 0 4 _a070.016
_223
090 0 0 _a070.016
_bKER
_dKK
245 0 0 _aKeratan Akhbar Koleksi Kedah (Rancangan Malaysia ke - 6 1991-1995)
264 1 _a[Kuala Lumpur] :
_bUtusan ,
_c1991
300 _a16 pages :
_billustrations ;
_c38 cm
336 _2rdacontent
_atext
337 _2rdamedia
_aunmediated
338 _2rdacarrier
_avolume
500 _aJilid
942 _ddc
_cB
999 _c142989
_d142989